Statistiques concernant Les Ballons d'Or

Cliquez ici pour prendre le quiz!

Statistiques générales

  • Ce quiz a été pris 575 fois
  • Le résultat moyen est 29 sur 60

Statistiques - réponses

RéponseDate% Correct
Lionel Messi2015
99%
Lionel Messi2011
99%
Lionel Messi2009
99%
Lionel Messi2010
99%
Lionel Messi2012
99%
Ronaldo1997
98%
Ronaldo2002
98%
Zinedine Zidane1998
92%
Cristiano Ronaldo2013
86%
Cristiano Ronaldo2014
86%
Cristiano Ronaldo2008
86%
Michel Platini1985
81%
Michel Platini1984
81%
Michel Platini1983
81%
Ronaldinho2005
75%
Kaká2007
74%
Fabio Cannavaro2006
70%
Johann Cruyff1971
61%
Johann Cruyff1973
61%
Johann Cruyff1974
61%
Jean-Pierre Papin1991
58%
Pavel Nedvěd2003
57%
Marco Van Basten1992
54%
Marco Van Basten1988
54%
Marco Van Basten1989
54%
Raymond Kopa1958
51%
Rivaldo1999
51%
Luis Figo2000
49%
Michael Owen2001
49%
Andriy Chevtchenko2004
46%
George Weah1995
45%
Franz Beckenbauer1972
40%
Franz Beckenbauer1976
40%
Alfredo Di Stefano1959
38%
Alfredo Di Stefano1957
38%
Ruud Gullit1987
38%
Lev Yachine1963
35%
Roberto Baggio1993
34%
Eusébio1965
33%
George Best1968
30%
Gerd Müller1970
29%
Matthias Sammer1996
29%
Lothar Matthäus1990
25%
Stanley Matthews1956
22%
Bobby Charlton1966
21%
Paolo Rossi1982
21%
Hristo Stoichkov1994
19%
Karl-Heinz Rummenigge1981
18%
Karl-Heinz Rummenigge1980
18%
Kevin Keegan1979
18%
Kevin Keegan1978
18%
Igor Belanov1986
13%
Flórián Albert1967
11%
Oleg Blokhine1975
11%
Gianni Rivera1969
10%
Josef Masopust1962
10%
Omar Sívori1961
10%
Allan Simonsen1977
9%
Denis Law1964
9%
Luis Suárez Miramontes1960
3%

Distribution des résultats

Percentile par nombre de réponses

% des personnes avec chaque résultat

Votre développement - résultats

Vous n’avez pas pris ce quiz